| 000 | 01044nam a2200265 a 4500 | ||
|---|---|---|---|
| 001 | BRCA_5177 | ||
| 005 | 20190320204954.0 | ||
| 008 | 241110s1797----mx-######v---#000-0#spa-# | ||
| 040 | _aspa | ||
| 044 | _amx | ||
| 084 |
_aDOC128 _b.C37 _c1797 |
||
| 245 | 1 | 0 | _aCargo del producto de la venta del Oficio de Fiel Contraste. |
| 260 |
_aMéxico _c1797 |
||
| 300 |
_a[2] fojas _c30 x 21 cm |
||
| 500 | _aDocumento expedido en 1797 | ||
| 500 | _aCargo del producto de la venta del Oficio de Fiel Contraste, Visitas del Centro de la ciudad y arrendamientos de los departamentos forenses | ||
| 500 | _aEl documento contiene la leyenda DOC. #296 | ||
| 500 | _aPapel con marca de agua | ||
| 500 | _aEstado de conservación: contiene manchas de ácido | ||
| 506 | 0 | _aFondo reservado: para su consulta es necesario credencial de usuario y carta de motivos | |
| 546 | _aTexto en: español de finales del siglo XVIII | ||
| 650 | 1 | 4 |
_aDocumentos legales _vManuscrito _xHistoria _yColonia, 1521-1821 _zMéxico _913241 |
| 902 | _aFDH | ||
| 942 |
_2lcc _cD |
||
| 999 |
_c4871 _d4871 |
||